000 00355 a2200157 4500
001 59747
020 _a9783190116782
040 _cAnchieta - Pituba
100 _aKopp, Gabriele
240 1 0 _aPlanet 1
_ldeu / ger
245 1 0 _aPlanet 1
300 _a128
362 0 _a2012
650 4 _aLínguas germânicas (teutônicas) língua alemã
942 _cBK
999 _c59747
_d59747